[Event "Torino Bombelli Memorial 11th"]
[Site "Torino"]
[Date "2011.09.10"]
[Round "3"]
[White "Topczewski, Damian"]
[Black "Janier, Fabrice"]
[Result "1-0"]
[WhiteElo "2189"]
[BlackElo "2004"]
[PlyCount "55"]
[EventDate "2011.09.09"]
[EventType "swiss"]
[EventRounds "5"]
[EventCountry "ITA"]
[SourceTitle "EXT 2023"]
[Source "ChessBase"]
[SourceDate "2022.10.05"]
[SourceVersion "1"]
[SourceVersionDate "2022.10.05"]
[SourceQuality "1"]

1. e4 e5 2. Bc4 Nf6 3. d3 Nc6 4. Bg5 Be7 5. Nf3 d6 6. h3 Na5 7. Bb3 Nxb3 8. axb3 c5 9. c4 Be6 10. Nc3 0-0 11. Qd2 Ne8 12. 0-0 f6 13. Bh4 g5 14. Bg3 f5 15. exf5 Bxf5 16. Nd5 Bxh3 17. Nxe7+ Qxe7 18. Nxg5 Bf5 19. f4 Qg7 20. fxe5 h6 21. Ne4 dxe5 22. Qe3 Bxe4 23. Rxf8+ Kxf8 24. dxe4 b6 25. Qc3 Rd8 26. Bxe5 Qg5 27. Bf4 Qh5 28. Qh8+ 1-0

[Event "FRA-chT2 0304"]
[Site "France"]
[Date "2004.03.14"]
[Round "9"]
[White "Goossens, Etienne"]
[Black "Janier, Fabrice"]
[Result "1-0"]
[WhiteElo "2242"]
[BlackElo "2058"]
[PlyCount "89"]
[EventDate "2003.10.??"]
[EventType "team"]
[EventRounds "11"]
[EventCountry "FRA"]
[SourceTitle "EXT 2005"]
[Source "ChessBase"]
[SourceDate "2004.11.15"]
[SourceVersion "1"]
[SourceVersionDate "2004.11.15"]
[SourceQuality "1"]

1. d4 Nf6 2. Nf3 c5 3. d5 d6 4. Nc3 g6 5. e4 Bg7 6. Bb5+ Nfd7 7. a4 Na6 8. Bf4 Nc7 9. Be2 0-0 10. Qd2 f5 11. Bh6 fxe4 12. Nxe4 Nf6 13. Nxf6+ Rxf6 14. Bxg7 Kxg7 15. c4 Bg4 16. Ra3 Bxf3 17. Bxf3 Qf8 18. Re3 Re8 19. 0-0 b6 20. Rfe1 e5 21. Bg4 Rf4 22. Qe2 g5 23. g3 Rf6 24. Bh5 Re7 25. Qg4 Kh8 26. Rf3 Rxf3 27. Qxf3 Qxf3 28. Bxf3 Kg7 29. Bh5 Kh6 30. Bf3 Kg7 31. Re3 Na6 32. a5 Nb4 33. axb6 axb6 34. Ra3 Kf6 35. Be4 h6 36. Ra8 Kg7 37. Rd8 Ra7 38. Rxd6 Ra2 39. Rxb6 Rxb2 40. Rg6+ Kf7 41. Rxh6 Re2 42. Bf5 Rd2 43. Rc6 e4 44. Bg6+ Ke7 45. Re6+ 1-0

[Event "Besancon op"]
[Site "Besancon"]
[Date "1998.??.??"]
[Round "?"]
[White "Janier, Fabrice"]
[Black "Ivanov, Mikhail M"]
[Result "0-1"]
[WhiteElo "2115"]
[BlackElo "2455"]
[PlyCount "80"]
[EventDate "1998.??.??"]
[EventType "swiss"]
[EventRounds "7"]
[EventCountry "FRA"]
[SourceTitle "EXT 1999"]
[Source "ChessBase"]
[SourceDate "1998.11.16"]
[SourceVersion "1"]
[SourceVersionDate "1998.11.16"]
[SourceQuality "1"]

1. e4 c5 2. c3 d5 3. exd5 Qxd5 4. d4 Nf6 5. Nf3 g6 6. Be2 cxd4 7. Qxd4 Nc6 8. Qxd5 Nxd5 9. 0-0 Bg7 10. Na3 0-0 11. Rd1 Nb6 12. Nb5 a6 13. Nbd4 Na5 14. Nb3 Nac4 15. Nc5 Re8 16. Na4 Nxa4 17. Bxc4 Bg4 18. Bb3 b5 19. h3 Bxf3 20. gxf3 Rad8 21. Bxa4 bxa4 22. Be3 a3 23. bxa3 Bxc3 24. Rac1 Bb2 25. Rxd8 Rxd8 26. Rc6 Rd6 27. Rc8+ Kg7 28. Bc5 Rd3 29. Bxe7 Bxa3 30. Bg5 Rxf3 31. Be3 Bb2 32. Rc2 Bf6 33. Rc6 a5 34. Ra6 Rxh3 35. Rxa5 Rh4 36. a4 Bd4 37. Bg5 Rg4+ 38. Kf1 h5 39. Be7 Rf4 40. Rd5 Bxf2 0-1